|
|
|
|
| LEADER |
02124nam a22003017a 4500 |
| 001 |
AAL7478 |
| 003 |
BD-DhAAL |
| 005 |
20190418113236.0 |
| 008 |
160207m20101998bg ||||| |||| 00| 0 ben d |
| 999 |
|
|
|c 36801
|d 36801
|
| 040 |
|
|
|a BD-DhAAL
|c BD-DhAAL
|
| 082 |
|
|
|a 891.44371
|
| 100 |
|
|
|a বন্দ্যোপাধ্যায়, মানিক
|9 17851
|
| 245 |
|
|
|a পদ্মানদীর মাঝি /
|c মানিক বন্দ্যোপাধ্যায়; মুহম্মদ জালালউদ্দীন বিশ্বাস সম্পাদিত
|
| 260 |
|
|
|a ঢাকা :
|b মল্লিক ব্রাদার্স,
|c ২০১০.
|
| 300 |
|
|
|a ১৭৬ পৃ. ;
|c ২২ সে.মি.
|
| 500 |
|
|
|a জাতীয় শিক্ষাক্রম ও পাঠ্যপুস্তক বোর্ড কর্তৃক অনুমোদিত ১৯৯৮ শিক্ষাবর্ষ থেকে
|
| 541 |
|
|
|e 7478
|
| 600 |
|
|
|a Bandyopadhyay, Manik, 1908-1956
|9 17945
|
| 651 |
|
|
|a Bangladesh
|x fiction
|9 17946
|
| 700 |
|
|
|a মুহম্মদ জালালউদ্দীন বিশ্বাস সম্পাদিত
|9 17947
|
| 852 |
|
|
|a Savar Campus Library
|c General Stacks
|
| 942 |
|
|
|2 ddc
|c BK
|
| 952 |
|
|
|0 0
|1 0
|2 ddc
|4 0
|6 891_443710000000000_BON
|7 0
|9 57916
|a SCL
|b SCL
|c GEN
|d 2016-02-07
|g 34.00
|l 6
|m 15
|o 891.44371 BON
|p 3020007478
|r 2026-05-07
|s 2025-10-15
|t 1
|w 2016-02-07
|y BK
|
| 952 |
|
|
|0 0
|1 0
|2 ddc
|4 0
|6 891_443710000000000_BON
|7 0
|9 57917
|a SCL
|b SCL
|c GEN
|d 2016-02-07
|g 34.00
|l 3
|m 12
|o 891.44371 BON
|p 3020007479
|r 2020-02-11
|s 2020-01-16
|t 2
|w 2016-02-07
|y BK
|
| 952 |
|
|
|0 0
|1 0
|2 ddc
|4 0
|6 891_443710000000000_BON
|7 0
|9 57918
|a SCL
|b SCL
|c GEN
|d 2016-02-07
|g 34.00
|l 5
|m 11
|o 891.44371 BON
|p 3020007481
|r 2025-04-25
|s 2025-04-20
|t 3
|w 2016-02-07
|y BK
|
| 952 |
|
|
|0 0
|1 0
|2 ddc
|4 0
|6 891_443710000000000_BON
|7 0
|9 57919
|a SCL
|b SCL
|c GEN
|d 2016-02-07
|g 34.00
|l 4
|m 17
|o 891.44371 BON
|p 3020007480
|r 2024-01-31
|s 2024-01-21
|t 4
|w 2016-02-07
|y BK
|
| 952 |
|
|
|0 0
|1 0
|2 ddc
|4 0
|6 891_443710000000000_BON
|7 0
|9 57920
|a SCL
|b SCL
|c GEN
|d 2016-02-07
|g 25.00
|l 7
|m 14
|o 891.44371 BON
|p 3020002333
|r 2026-04-28
|s 2025-10-11
|t 5
|w 2016-02-07
|y BK
|